| 000 | 00388nam a2200157Ia 4500 | ||
|---|---|---|---|
| 008 | 100415s9999 xx 000 0 und d | ||
| 082 |
_b21253 _a598.2(54) |
||
| 100 | _aAli,Salim | ||
| 245 | _aBharat ke pakshi | ||
| 260 |
_aCHANDIGARH _c1974 _bHariyana Hindi Grantha |
||
| 365 | _b0 | ||
| 530 | _bDonated | ||
| 630 | _aBharat ke pakshi | ||
| 730 | _aBharat ke pakshi | ||
| 942 | _cBOOK | ||
| 999 |
_c604135 _d604132 |
||